00683nam a2200205Ia 4500008004000000020001800040041000800058082001700066100001900083245003900102260006100141300001200202650001500214650001800229650001400247690002600261906001100287999001900298952016000317210210b2015 xxu||||| |||| 00| 0 eng d a9789381141076 aeng a332.042 SOMI aSOMANATH (V S) aInternational financial management aNew DelhibI.K. International Pub. House Pvt. Ltd.c2015 axxx,813 amanagement aInternational afinancial aInternational Finance a072929 c122777d122777 00102ddc40708COMaALbALd2021-02-17ePrajwal Book Distributors, Bangalore-560061g475.00l0o332.042 SOMIp072929r2021-02-17 00:00:00w2021-02-17yBK